Manuel d'arithmetique commerciale áa l'usage des apprentis de commerce / (Record no. 34769)
[ view plain ]
| 000 -LEADER | |
|---|---|
| campo de control de longitud fija | 00584nam a2200193 i 4500 |
| 001 - NÚMERO DE CONTROL | |
| campo de control | 34769 |
| 003 - IDENTIFICADOR DE NÚMERO DE CONTROL | |
| campo de control | ES-MaACL |
| 005 - FECHA Y HORA DE LA ÚLTIMA TRANSACCIÓN | |
| campo de control | 20230906155009.0 |
| 007 - CAMPO FIJO DE DESCRIPCIÓN FÍSICA--INFORMACIÓN GENERAL | |
| campo de control de longitud fija | t| |
| 008 - DATOS DE LONGITUD FIJA--INFORMACIÓN GENERAL | |
| campo de control de longitud fija | 030211s1910 sz |||| | fre d |
| 100 1# - ENTRADA PRINCIPAL--NOMBRE DE PERSONA | |
| Nombre de persona | Bonjour, P. E. |
| 9 (RLIN) | 30207 |
| 245 10 - MENCIÓN DEL TÍTULO | |
| Título | Manuel d'arithmetique commerciale áa l'usage des apprentis de commerce / |
| Mención de responsabilidad, etc. | par P. E. Bonjour et Leon Morf. |
| 250 ## - MENCION DE EDICION | |
| Mención de edición | 3ème ed. |
| 260 ## - PUBLICACIÓN, DISTRIBUCIÓN, ETC. | |
| Lugar de publicación, distribución, etc. | Zurich : |
| Nombre del editor, distribuidor, etc. | Schulthess und Co, |
| Fecha de publicación, distribución, etc. | 1910. |
| 300 ## - DESCRIPCIÓN FÍSICA | |
| Extensión | VIII, 224 p. ; |
| Dimensiones | 21 cm. |
| 650 04 - PUNTO DE ACCESO ADICIONAL DE MATERIA--TÉRMINO DE MATERIA | |
| Término de materia o nombre geográfico como elemento de entrada | Cálculo mercantil. |
| 9 (RLIN) | 10674 |
| 700 1# - ENTRADA AGREGADA--NOMBRE PERSONAL | |
| Nombre de persona | Morf, Leon. |
| 9 (RLIN) | 83504 |
| 852 ## - LOCALIZACIÓN | |
| Ubicación | ES-MaACL |
| Número de control de estantería | F-1151 |
| Estatus retirado | Estado de pérdida | Estado de daño | No para préstamo | Biblioteca de origen | Biblioteca actual | Ubicación en estantería | Fecha de adquisición | Fuente de adquisición | Total de préstamos | Signatura topográfica completa | Código de barras | Visto por última vez | Precio de reemplazo | Tipo de ítem Koha |
|---|---|---|---|---|---|---|---|---|---|---|---|---|---|---|
| Biblioteca del Ateneo de Madrid | Biblioteca del Ateneo de Madrid | Depósito 2 | 17/01/2008 | F-1151 | 1036289 | 23/02/2023 | 23/02/2023 | Libro impreso |
